| 000 | 00635nam a22001937a 4500 | ||
|---|---|---|---|
| 999 |
_c1738 _d1738 |
||
| 003 | URS | ||
| 005 | 20220114141838.0 | ||
| 008 | 190501s2003 ph a|||| |||| 00| 0 eng d | ||
| 020 | _a9714204062 | ||
| 040 |
_cURS _beng _drda |
||
| 050 | 1 | 4 |
_aHM 51 _b.G3263 2003 |
| 100 | _aOmas-As, Roberta L. | ||
| 245 | 6 | 0 |
_aGeneral sociology _cRoberta L. Omas-As, Ricardo B. Capule, Josephine A. Guimpatan, Rebecca L. Simbajon, Jocelyn C. Morales, Digna Fernandez |
| 264 |
_aBulacan: _bTrinitas Publishing,; _c[2003.] |
||
| 300 |
_a291 pages _bwith illustrations _c 26 cm. |
||
| 504 | _aBibliography ; page 285 | ||
| 650 | _aSociology | ||
| 942 |
_cF _2lcc |
||